| 000 -LEADER |
| fixed length control field |
01395cam a22003857i 4500 |
| 001 - CONTROL NUMBER |
| control field |
19549709 |
| 005 - DATE AND TIME OF LATEST TRANSACTION |
| control field |
20221107171724.0 |
| 008 - FIXED-LENGTH DATA ELEMENTS--GENERAL INFORMATION |
| fixed length control field |
170310s2018 inua 001 0 eng d |
| 010 ## - LIBRARY OF CONGRESS CONTROL NUMBER |
| LC control number |
2017936607 |
| 020 ## - INTERNATIONAL STANDARD BOOK NUMBER |
| International Standard Book Number |
1119386799 X |
| 020 ## - INTERNATIONAL STANDARD BOOK NUMBER |
| International Standard Book Number |
9781119386797 X |
| Qualifying information |
(paperback) |
| 020 ## - INTERNATIONAL STANDARD BOOK NUMBER |
| International Standard Book Number |
9781119495000 X |
| 041 ## - LANGUAGE CODE |
| Language code of text/sound track or separate title |
eng |
| 080 ## - UNIVERSAL DECIMAL CLASSIFICATION NUMBER |
| Universal Decimal Classification number |
004.92 O-55 |
| 082 04 - DEWEY DECIMAL CLASSIFICATION NUMBER |
| Classification number |
620.00420285536 |
| Edition number |
23 |
| 100 1# - MAIN ENTRY--PERSONAL NAME |
| Personal name |
Omura, George, |
| Relator term |
author. |
| 9 (RLIN) |
8699 |
| 245 10 - TITLE STATEMENT |
| Title |
Mastering AutoCAD 2018 and AutoCAD LT 2018 / |
| Statement of responsibility, etc. |
George Omura with Brian C. Benton. |
| 264 #1 - PRODUCTION, PUBLICATION, DISTRIBUTION, MANUFACTURE, AND COPYRIGHT NOTICE |
| Place of production, publication, distribution, manufacture |
Indianapolis, Indiana : |
| Name of producer, publisher, distributor, manufacturer |
Autodesk Official Press/Sybex, |
| Date of production, publication, distribution, manufacture, or copyright notice |
[2018] |
| 300 ## - PHYSICAL DESCRIPTION |
| Extent |
xxxi, 1048 pages : |
| Other physical details |
illustrations ; |
| Dimensions |
24 cm |
| 336 ## - CONTENT TYPE |
| Content type term |
text |
| Content type code |
txt |
| Source |
rdacontent |
| 337 ## - MEDIA TYPE |
| Media type term |
unmediated |
| Media type code |
n |
| Source |
rdamedia |
| 338 ## - CARRIER TYPE |
| Carrier type term |
volume |
| Carrier type code |
nc |
| Source |
rdacarrier |
| 500 ## - GENERAL NOTE |
| General note |
Includes index. |
| 630 00 - SUBJECT ADDED ENTRY--UNIFORM TITLE |
| Uniform title |
AutoCAD. |
| 9 (RLIN) |
8700 |
| 630 07 - SUBJECT ADDED ENTRY--UNIFORM TITLE |
| Uniform title |
AutoCAD. |
| Source of heading or term |
fast |
| Authority record control number or standard number |
(OCoLC)fst01369529 |
| 9 (RLIN) |
8700 |
| 650 #0 - SUBJECT ADDED ENTRY--TOPICAL TERM |
| Topical term or geographic name entry element |
Computer graphics. |
| 9 (RLIN) |
8701 |
| 650 #0 - SUBJECT ADDED ENTRY--TOPICAL TERM |
| Topical term or geographic name entry element |
Computer-aided design. |
| 9 (RLIN) |
8702 |
| 650 #7 - SUBJECT ADDED ENTRY--TOPICAL TERM |
| Topical term or geographic name entry element |
Computer-aided design. |
| Source of heading or term |
fast |
| Authority record control number or standard number |
(OCoLC)fst00872701 |
| 9 (RLIN) |
8702 |
| 650 #7 - SUBJECT ADDED ENTRY--TOPICAL TERM |
| Topical term or geographic name entry element |
Computer graphics. |
| Source of heading or term |
fast |
| Authority record control number or standard number |
(OCoLC)fst00872119 |
| 9 (RLIN) |
8701 |
| 653 ## - INDEX TERM--UNCONTROLLED |
| keyword |
კომპიუტერული გრაფიკა |
| 700 1# - ADDED ENTRY--PERSONAL NAME |
| Personal name |
Benton, Brian C., |
| Relator term |
author. |
| 9 (RLIN) |
8703 |
| 906 ## - LOCAL DATA ELEMENT F, LDF (RLIN) |
| a |
7 |
| b |
cbc |
| c |
copycat |
| d |
2 |
| e |
ncip |
| f |
20 |
| g |
y-gencatlg |
| 942 ## - ADDED ENTRY ELEMENTS (KOHA) |
| Source of classification or shelving scheme |
|
| Koha item type |
წიგნი |